000 01789nam a2200241Ia 4500
008 260220t1953||||xx |||||||||||||| ||spa||
040 _aPY-SlUNAC
_bspa
_erda
041 _aspa
082 _a537
_bB857w
100 _aBrillovin, L.
_eAutor
245 0 _aWave propagation in periodic structures /
_cpor L. Brillovin [Autor]
264 _aNueva York :
_bDover,
_c℗1953.
300 _a1 volumen
520 _aEl libro "Wave Propagation in Periodic Structures" de L. Brillovin, publicado en 1953, aborda el comportamiento de las ondas en medios con estructuras periódicas, un tema fundamental en la física y la ingeniería. A través de un enfoque matemático riguroso, el autor explora cómo las características de estas estructuras influyen en la propagación de ondas electromagnéticas y acústicas. Brillovin presenta una serie de modelos teóricos y soluciones analíticas, que permiten entender fenómenos como la reflexión, la transmisión y la difracción de ondas. La obra también incluye aplicaciones prácticas en áreas como la óptica y la teoría de materiales, proporcionando un marco conceptual que facilita el análisis de dispositivos como filtros y guías de onda. A lo largo del texto, se enfatiza la importancia de la periodicidad en la determinación de las propiedades de propagación, haciendo hincapié en la relación entre la estructura del medio y el comportamiento de las ondas. Este trabajo se ha convertido en un referente en el estudio de la propagación de ondas en medios estructurados.
653 _aEstructuras periódicas
653 _aOndas
653 _aPropagación
942 _b2026/02/17
_cBK
999 _c7778
_d7778